Boletín del Instituto de Investigaciones Bibliográficas : 1988 /

Los artículos que este boletín publica son trabajos de investigación bibliográfica y estudios de personas destacadas en el campo de la bibliografía y la bibliotecología, con el objetivo de difundir estas disciplinas dentro y fuera del país. Entre los colaboradores de esta segunda época del Boletín s...

Mô tả đầy đủ

Đã lưu trong:
Chi tiết về thư mục
Tác giả khác: Coello Ugalde, José Francisco (autor) (autor), Ruiz Castañeda, María del Carmen (dirección) (dirección)
Định dạng: Sách
Ngôn ngữ:Tiếng Tây Ban Nha
Được phát hành: México : UNAM, Instituto de Investigaciones Bibliográficas : Biblioteca Nacional de México, 1989, c1989
Những chủ đề:
Các nhãn: Thêm thẻ
Không có thẻ, Là người đầu tiên thẻ bản ghi này!

MARC

LEADER 00000nam^a2200000^a^4500
001 000161454
005 20250521000000.0
009 20260310100758.826
022 |a 0006-1719 
037 |a Acervo ITESO - Biblioteca 
041 |a ESP 
082 |a 020. 5  |b BOL 1988 S. 2 V. 2 
240 1 1 |a [Boletín de la Biblioteca Nacional] 
240 1 1 |a [Boletín del Instituto de Investigaciones Bibliográficas] 
245 0 0 |a Boletín del Instituto de Investigaciones Bibliográficas :  |b 1988 /  |c Dir. de M.C. Ruiz Castañeda. 
264 4 |a México :  |b UNAM, Instituto de Investigaciones Bibliográficas :  |b Biblioteca Nacional de México,  |c 1989, c1989 
300 |a 1 v. (429, 293 p.) 
336 |a texto  |b txt  |2 rdacontenido 
337 |a sin mediación  |b n  |2 rdamedio 
338 |a volumen  |b nc  |2 rdasoporte 
520 |a Los artículos que este boletín publica son trabajos de investigación bibliográfica y estudios de personas destacadas en el campo de la bibliografía y la bibliotecología, con el objetivo de difundir estas disciplinas dentro y fuera del país. Entre los colaboradores de esta segunda época del Boletín se encuentran: Irma contreras García, Carlos Illades Aguiar y José Francisco Coello Ugalde. El documento se compone de artículos, reseñas y suplementos. En el suplemento se anexa el estudio de José Francisco Coello Ugalde, Relaciones Taurinas en la Nueva España, provincias y extramuros. Las más curiosas e inéditas. 1519-1835. 
649 |a XX 
650 |a Biblioteconomía -  |x Publicaciones Periódicas Mexicanas 
650 |a Bibliotecas Universitarias -  |z México -  |x Publicaciones Periódicas Mexicanas 
650 |a Bibliografías -  |x Publicaciones Periódicas 
650 |a Bibliografías -  |x Investigación 
650 |a Bibliología 
650 |a Corridas de Toros -  |z México -  |x Historia -  |y Epoca Colonial, 1517-1821 
650 |a Corridas de Toros -  |z México -  |x Historia -  |y Siglo XIX 
650 |a México -  |x Historia -  |y Epoca Colonial, 1517-1821 
650 |a Publicaciones Periódicas Mexicanas 
740 0 |a Relaciones taurinas en la Nueva España, provincias y extramuros :  |b las más curiosas e inéditas, 1519-1935 /  |c J.F. Coello Ugalde. 
700 |a Coello Ugalde, José Francisco  |e (autor) 
700 |a Ruiz Castañeda, María del Carmen  |e (dirección) 
910 |a Fondo General 
920 |a Impresos - Libros 
930 |a Colección General 
905 |a 101 
901 |a 0500093469  |b IT1  |c ACC  |u 20250521 
902 |a https://opac.biblio.iteso.mx/vufind/Record/000161454